000 00520cam a2200205ua 4500
001 7907
008 150108n ii |||gr||||Z||||||hin
040 _cMAIN
041 _ahin
082 _a891.43
100 _aShukla. S.,
_eAuthor.
245 _aHindi-sahitya-darpan
_cBy Shivnarayan Shukla
250 _a1st.
260 _aUttar pradesh:
_bBhabadiya,
_c1964.
300 _a328p.
653 _aEast Indo-European & Celtic literatures
653 _aHindi literature
700 _aTiwari, J.,
_eAuthor.
942 _cBK
999 _c7027
_d7027